Ралф разбива интернета (Запис номер 333681)
[ съкратено ]
| 000 -Лидер | |
|---|---|
| Контролно поле с фиксирана дължина | 01050nam a2200277 a 4500 |
| 003 - Код на организацията, давaща контролен номер | |
| Контролно поле | BLK |
| 005 - Дата и час на последна редакция | |
| Контролно поле | 20250623131349.0 |
| 008 - Елементи от данни с фиксирана дължина | |
| fixed length control field | 190806b bu ||||| |||| 00| 0 bu d |
| 020 ## - Международен стандартен номер на книга ISBN | |
| Международен стандартен номер на книга ISBN | 9789542722250 |
| 040 ## - Източник на каталожния запис | |
| Идентификатор на билиотеката - собственик на записа | BLK |
| 041 ## - Код за език | |
| Код за езика на текст/звукозапис или на отделно заглавие | Български |
| Код за езика КДБФ | Български |
| 080 ## - УДК | |
| Текстов определител УДК | Издания за деца и юноши. Книжки-картинки. Читанки. Вж и 372.4 |
| УДК код - определител по УДК | 087.5 |
| УДК - код + определител | 087.5 |
| 080 ## - УДК | |
| УДК - код + определител | 821-93 |
| 139 ## - Редно поле | |
| Редна дума | Ралф разбива интернета |
| Авторски знак | Рал - Р 32 |
| 240 ## - Унифицирано заглавие | |
| Унифицирано заглавие | Ralph breaks the Internet |
| 245 ## - Сведения за заглавието | |
| Заглавие | Ралф разбива интернета |
| Редно поле (дума) | прев. от англ. Габриела Каменова |
| 260 ## - Област на издателските данни | |
| 9 (RLIN) | 209434 |
| Място на издаване, разпространение и проч. | София |
| Име на издателя, разпространителя и проч. | Егмонт България |
| Година на издаване | 2018 |
| 300 ## - Физическа характеристика | |
| Страници | 64 с. |
| Илюстрации и др. | с цв. ил |
| Размери/Мащаб | 23 см |
| 380 ## - Жанр | |
| Жанр | Детска отраслова лит. |
| 490 ## - СЕРИИ (Колекции) | |
| 9 (RLIN) | 205392 |
| Име на серия | Егмонт Чародейства |
| 700 ## - Други автори (авторска отговорност) | |
| 9 (RLIN) | 385863 |
| Лично име | Каменова, Габриела Цветанова |
| Автороска отговорност (Описва отношението между автора и произведението) | прев. |
| 852 ## - Местоположение | |
| Форматна сигнатура | Цб 296256 |
| 999 ## - СИСТЕМНИ КОНТРОЛНИ НОМЕРА | |
| Koha biblionumber | 333681 |
| Koha biblioitemnumber | 333681 |
| 942 ## - АРТИКУЛИ | |
| Вид на библиотечния материал | Книги |
| Скрит в OPAC | Не |
| Периодичен библиозапис | Да |
| Koha issues (borrowed), all copies | 45 |
| 944 ## - СЪЗДАВАНЕ И РЕДАКЦИЯ на ЗАПИСА | |
| Създаване/Редакция | Създаване |
| Дата на регистрацията/редакция | 2019-08-06 |
| Служител, извършил регистрацията/редакцията | 30551 |
| Статус, дата на статуса | Бояна Костадинова |
| 999 ## - СИСТЕМНИ КОНТРОЛНИ НОМЕРА | |
| Koha biblioitemnumber | 333681 |
| Код за отписване | Код за изгубен артикул | Източник на класификационната схема | Код за повреда | Коз за рестрикции | Код за отдаване | Артикулен № | Име на библиотеката - собственик | Име на библиотеката, в която се намира в момента | Статус (Текущо местоположение) | Дата на вписване в системата | Местоположение - отдел | Цена в лева | Систематично азбучна сигнатура | Баркод | Цена в евро | Служебен тип на артикула |
|---|---|---|---|---|---|---|---|---|---|---|---|---|---|---|---|---|
| Не е изгубен | Universal Decimal Classification | Не е повреден | само за читалня | ползва се в читалня | 731806 | Регионална библиотека "Любен Каравелов" Русе | Регионална библиотека "Любен Каравелов" Русе | Хранилище | 2019-08-08 | Хранилище | 6.99 | Цб 296256 | 120000835183 | 3.57 | Книги | |
| Не е изгубен | Universal Decimal Classification | Не е повреден | заемане за дома | 737272 | Регионална библиотека "Любен Каравелов" Русе | Регионална библиотека "Любен Каравелов" Русе | Детски отдел | 2019-09-09 | Детски отдел | 5.11 | ДХ 820/899/Р 32 | 120000836079 | 2.61 | Книги | ||
| Не е изгубен | Universal Decimal Classification | Не е повреден | заемане за дома | 737273 | Регионална библиотека "Любен Каравелов" Русе | Регионална библиотека "Любен Каравелов" Русе | Детски отдел | 2019-09-09 | Детски отдел | 5.11 | ДХ 820/899/Р 32 | 120000836077 | 2.61 | Книги | ||
| Не е изгубен | Universal Decimal Classification | Не е повреден | заемане за дома | 737274 | Регионална библиотека "Любен Каравелов" Русе | Регионална библиотека "Любен Каравелов" Русе | Детски отдел | 2019-09-09 | Детски отдел | 5.11 | ДХ 820/899/Р 32 | 120000836078 | 2.61 | Книги |